00449nam a2200145 a 450000500170000000800410001705000230005810000160008124500310009726000410012830000070016950000720017665000270024870000280027520140414132122.0121010s19uu xx 00 eng d aM 688.7bM479 1997 aMcKie, Anne aA Treasury of Teddy tales. aLondon :bGrandreams Limited,c1997. a98 aTeddy on Safari. Teddy and the robot. Teddy and the fire brigade. aStories-tales-fiction. aKen McKie (illustrator)